Vista normal
Vista MARC
Entrada Topical Term
Número de registros utilizados en: 1
001 - CONTROL NUMBER
- control field: 30576
003 - CONTROL NUMBER IDENTIFIER
- control field: OSt
005 - DATE AND TIME OF LATEST TRANSACTION
- control field: 20231102145947.0
008 - FIXED-LENGTH DATA ELEMENTS
- fixed length control field: 160406|| aca||aabn | a|a d
040 ## - CATALOGING SOURCE
- Original cataloging agency: OSt
- Transcribing agency: OSt
150 ## - HEADING--TOPICAL TERM
- Topical term or geographic name entry element: ADMNISTRACIÓN
- General subdivision: ESCUELAS
670 ## - SOURCE DATA FOUND
- Source citation: Work cat.: (OSt)62007: HERNÁNDEZ Y RODRÍGUEZ, Sergio autor 3123, Introducción a la administración, , 2011